| 000 | 01189cab a2200313 4500 | ||
|---|---|---|---|
| 001 | ABS57626 | ||
| 008 | 090401t1997 xxu||||| |||| 00| 0 eng d | ||
| 035 | _a(Sirsi) u81082 | ||
| 041 | _aeng | ||
| 100 | _aDay, A. | ||
| 245 | _aIs it a clean break or a costly fracture? | ||
| 260 | _c1997 | ||
| 350 | _a0 | ||
| 490 |
_aRent Review & Lease Renewal _v17(3) September 1997, 215-220(4) |
||
| 520 | _aUses case law to illustrate the problems that can arise when a tenant tries to implement a break option in a commercial lease. Offers advice on the best strategy to adopt to avoid these pitfalls. Caselaw. | ||
| 650 | _aBREAK CLAUSES | ||
| 650 | _aBREAK OPTIONS | ||
| 650 | _aCOMMERCIAL LEASES | ||
| 650 | _aCOVENANTS | ||
| 650 | _aDUN & BRADSTREET SOFTWARE SERVICES (ENGLAND) LTD AND ANOTHER V PROVIDE | ||
| 650 | _aGARSTON AND OTHERS V SCOTTISH WIDOWS FUND AND LIFE ASSURANCE SOCIETY | ||
| 650 | _aGREY V FRIAR | ||
| 650 | _aMANNAI INVESTMENT CO LTD V EAGLE STAR LIFE ASSURANCE CO LTD UK | ||
| 650 | _aTENANTS | ||
| 650 | _aTRANE (UK) LTD V PROVIDENT MUTUAL LIFE ASSURANCE | ||
| 690 | _aLANDLORD AND TENANT-BUSINESS TENANCIES | ||
| 942 | _n0 | ||
| 948 | _c25/09/1997 | ||
| 999 |
_c51086 _d51086 |
||